• 首页
  • 本馆介绍
  • 公告通知
  • 最新文献
  • 馆藏检索
  • 电子资源
  • 读者导购
  • 参考咨询
  • 我的图书馆
  • 登录
  • 详细信息显示
  • 放入我的书架
  • 预约/预借图书
  • 作者相关作品
  • 分类相关作品
  • 丛书相关作品
  • 出版社相关作品

书目信息

  • 表格格式
  • 工作单格式
  • 卡片格式
题名:
现代杂志编辑学
    
 
作者: 张觉明 著
分册:  
出版信息: 北京   中国书籍出版社  1987
页数: 414页
开本: 20cm
丛书名:
单 册:
中图分类: G232.2
科图分类:
主题词: 编辑 , 校对
电子资源:
ISBN: 7-5068-0000-4
000 00616nam0 2200229 45
001 0187002530
005 20041119085619.5
010    @a7-5068-0000-4@dCNY3.90
100    @a19900808d1987 k y0chiy0121 ea
101 0  @achi
102    @aCN@b110000
105    @ay z 000yy
200 10 @a现代杂志编辑学@Axian dai za zhi bian ji xue@f张觉明著@FZhang Jue Ming Zhu
210    @a北京@c中国书籍出版社@d1987
215    @a414页@d20cm
606    @a编辑
606    @a校对
690    @aG232.2@v3
701  0 @a张觉明@4著
801  0 @aCN@b深圳图书馆@c20041119
801  2 @aCN@bNLC@c20041119
905    @f1@b212310@dG232.2@e11
    
    现代杂志编辑学/张觉明著.-北京:中国书籍出版社,1987
    414页;20cm
    
    
    ISBN 7-5068-0000-4:CNY3.90
    
●
相关链接 在E读中查询图书 在五车中查询图书 在当当中查询图书 在豆瓣中查询图书


正题名:现代杂志编辑学     索取号:G232.2/11         预约/预借

序号 登录号 条形码 馆藏地/架位号 状态 备注
1 0212310   000498189   密集书库/ [索取号:G232.2/11] 在馆    
2 0212311   000498198   第一样本阅览室/ [索取号:G232.2/11] 在馆    
唐山师范学院图书馆 欢迎您!
大连网信软件有限公司© 版权所有